| 000 | 01074cam a2200205 4500 | ||
|---|---|---|---|
| 001 | ##E135069 | ||
| 008 | 010925n2006 000 0 eng u | ||
| 035 | _a(Sirsi) u135069 | ||
| 041 | 0 | _aeng | |
| 050 | 0 | 4 | _a346.410434 $2 18 |
| 110 | 2 |
_aProperty Litigation Association _94147 |
|
| 245 | 0 | 0 |
_aPre-action protocol for claims for damages in relation to the physical state of commercial property at the end of a lease _bthe dilapidations protocol |
| 260 |
_a[S.I.] _bPLA _c2006 |
||
| 520 | _aThis revised version of the Dilapidations Protocol takes into account the comments made by PLA members. The PLA Law Reform Committee also worked closely with the RICS Working Party on Dilapidations, who have endorsed the new protocol, and leading members of the Bar. Applies to commercial property in England and Wales. | ||
| 590 | _aIKA031006 NTK | ||
| 651 | 4 |
_aEngland and Wales _y1543- |
|
| 690 | _aPROPERTY-LEASEHOLD PROPERTY-LANDLORD AND TENANT-DILAPIDATIONS | ||
| 856 | 4 | 0 |
_uhttps://www.pla.org.uk/ _zView the the document free of charge at www.pla.org.uk... |
| 942 | _n0 | ||
| 999 |
_c105902 _d105902 |
||